Learning and emotion : (Record no. 51782)

MARC details
000 -LEADER
fixed length control field 00516nam a2200193Ia 4500
005 - DATE AND TIME OF LATEST TRANSACTION
control field 20260429112006.0
008 - FIXED-LENGTH DATA ELEMENTS--GENERAL INFORMATION
fixed length control field 260429s9999||||xx |||||||||||||| ||und||
020 ## - INTERNATIONAL STANDARD BOOK NUMBER
International Standard Book Number 9781647287535
041 ## - LANGUAGE CODE
Language English
082 ## - DEWEY DECIMAL CLASSIFICATION NUMBER
Classification number 153.15
Item number CAM
100 ## - MAIN ENTRY--PERSONAL NAME
Personal name Camp, Holly
245 #0 - TITLE STATEMENT
Title Learning and emotion :
Remainder of title a psychological perspective /
Statement of responsibility, etc Holly Camp
260 ## - PUBLICATION, DISTRIBUTION, ETC. (IMPRINT)
Place of publication, distribution, etc United States :
Name of publisher, distributor, etc Willford Press,
Date of publication, distribution, etc 2025.
300 ## - PHYSICAL DESCRIPTION
Extent ix, 235 p.; hb
650 ## - SUBJECT ADDED ENTRY--TOPICAL TERM
Topical term or geographic name as entry element Emotion
650 ## - SUBJECT ADDED ENTRY--TOPICAL TERM
Topical term or geographic name as entry element Learning
650 ## - SUBJECT ADDED ENTRY--TOPICAL TERM
Topical term or geographic name as entry element Psychology
942 ## - ADDED ENTRY ELEMENTS (KOHA)
Koha item type Text Books
Holdings
Withdrawn status Lost status Damaged status Not for loan Collection code Home library Location Shelving location Date of Cataloging Source of acquisition Total Checkouts Full call number Barcode Date last seen Price effective from Koha item type
        Non-fiction CUTN Central Library CUTN Central Library Philosophy & psychology 29/04/2026 Apollo Book Distributors, Bengaluru - Invoice No. 2025-2026/208 on 16-02-2026   153.15 CAM 56821 29/04/2026 29/04/2026 Text Books